000 00710nam a2200229 a 4500
008
020 _a0908307780 (pbk.)
049 _aMAIN
090 _aQA922
_bSIB
100 1 _aSibanda, P.
245 1 0 _aA mathematical introduction to incompressible flow /
_cP. Sibanda and O.D. Makinde.
260 _aHarare (Zimbabwe) :
_bUniversity of Zimbabwe Publications,
_c2000.
300 _avii,190 p. :
_bill. ;
_c21 cm.
504 _aIncludes bibliographical references.
500 _aIncludes index.
700 _aMakinde, O.D.
907 _a.b10143300
_b11-11-14
_c13-12-04
003
005 20230123133859.0
040 _cNUST
942 _cBOOKS
_kQA922
_mSIB
999 _c156202
_d156202